[Event "10th Eksjo it group A"]
[Site "Eksjo SWE"]
[Date "1982.??.??"]
[Round "8"]
[White "Suba, Mihai"]
[Black "Lengyel, Levente"]
[Result "1-0"]
[WhiteElo "2525"]
[BlackElo "2420"]
[EventDate "1982.08.18"]
[PlyCount "79"]

1. c4 Nf6 2. Nc3 e6 3. Nf3 d5 4. d4 c5 5. cxd5 Nxd5 6. e3 Nc6 7. Bd3 Be7 8. O-O O-O 9. Bb1 b6 10. Qc2 g6 11. dxc5 Nxc3 12. Qxc3 Ba6 13. Re1 bxc5 14. Be4 Rc8 15. Bxc6 Rxc6 16. e4 f6 17. Bh6 Re8 18. e5 Qd3 19. Qc1 Qc4 20. Qe3 Qd3 21. Qf4 Qf5 22. Qa4 Bb7 23. Rad1 Rcc8 24. Re3 Qh5 25. exf6 Bxf6 26. Bf4 Bc6 27. Qa6 Qf5 28. Bg3 Bd4 29. Nxd4 cxd4 30. Ree1 Qd5 31. f3 Bb7 32. Qxa7 Rc2 33. Re5 Ra8 34. Rxd5 Rxa7 35. Rd8+ Kf7 36. Bb8 Rxa2 37. Rd7+ Kf6 38. Rxb7 d3 39. Rb5 d2 40. Be5+ 1-0

[Event "10th Eksjo it group A"]
[Site "Eksjo SWE"]
[Date "1982.??.??"]
[Round "9"]
[White "Cramling, Dan"]
[Black "Cebalo, Miso"]
[Result "1/2-1/2"]
[WhiteElo "2375"]
[BlackElo "2470"]
[EventDate "1982.08.18"]
[PlyCount "84"]

1. c4 e6 2. Nc3 Nf6 3. e4 d5 4. e5 d4 5. exf6 dxc3 6. bxc3 Qxf6 7. Nf3 e5 8. d4 exd4 9. Bg5 Qe6+ 10. Be2 Be7 11. cxd4 Bxg5 12. Nxg5 Qe7 13. Qd2 h6 14. Nf3 O-O 15. O-O Nc6 16. Rfe1 Qf6 17. d5 Ne7 18. Bd3 Bd7 19. Qb4 Ng6 20. Qxb7 Bg4 21. Be4 Nf4 22. Qc6 Qc3 23. Rab1 f5 24. Re3 Qa5 25. Bc2 Bxf3 26. gxf3 Qd2 27. Bxf5 Rxf5 28. Qxa8+ Kh7 29. Qe8 Nh3+ 30. Kg2 Nf4+ 31. Kh1 Nh3 32. Re2 Nxf2+ 33. Kg2 Qd3 34. Kxf2 Qxf3+ 35. Ke1 Qf1+ 36. Kd2 Qxb1 37. Qe4 Qxa2+ 38. Kc1 Qa1+ 39. Kc2 Qf1 40. Re1 Qh3 41. Re2 Qf1 42. Re1 Qh3 1/2-1/2

[Event "10th Eksjo it group A"]
[Site "Eksjo SWE"]
[Date "1982.??.??"]
[Round "9"]
[White "Gurevich, Dmitry"]
[Black "Schussler, Harry"]
[Result "1/2-1/2"]
[WhiteElo "2510"]
[BlackElo "2495"]
[EventDate "1982.08.18"]
[PlyCount "73"]

1. d4 Nf6 2. c4 e6 3. Nc3 Bb4 4. e3 b6 5. Nge2 c5 6. a3 Ba5 7. Rb1 Na6 8. Qa4 Qe7 9. dxc5 Nxc5 10. Qc2 Bxc3+ 11. Nxc3 Bb7 12. f3 O-O 13. Be2 d5 14. O-O Rac8 15. b3 e5 16. b4 Ne6 17. cxd5 Nd4 18. exd4 exd4 19. Bg5 dxc3 20. Rbd1 Rfd8 21. Bd3 Rxd5 22. Bxh7+ Kh8 23. Bf5 Rcd8 24. Rde1 Qd6 25. Re3 Bc8 26. Bxc8 Rxc8 27. f4 Rd2 28. Qf5 Qc6 29. Rg3 Qd7 30. Qxf6 gxf6 31. Bxf6+ Kh7 32. f5 Qd3 33. Rxd3 Rxd3 34. Rf4 Rd1+ 35. Kf2 Rd2+ 36. Kf3 Rd3+ 37. Kf2 1/2-1/2

[Event "10th Eksjo it group A"]
[Site "Eksjo SWE"]
[Date "1982.??.??"]
[Round "9"]
[White "Karlsson, Lars"]
[Black "Suba, Mihai"]
[Result "1-0"]
[WhiteElo "2505"]
[BlackElo "2525"]
[EventDate "1982.08.18"]
[PlyCount "69"]

1. c4 Nf6 2. Nc3 c5 3. g3 e6 4. Nf3 b6 5. Bg2 Bb7 6. O-O Be7 7. Re1 d5 8. cxd5 exd5 9. d4 O-O 10. Bg5 Na6 11. Qa4 Ne4 12. Bxe7 Nxc3 13. bxc3 Qxe7 14. Ne5 Rfc8 15. e4 dxe4 16. Bxe4 Bxe4 17. Rxe4 Qb7 18. Rae1 b5 19. Qb3 h6 20. a4 cxd4 21. cxd4 b4 22. Ng6 Kh7 23. Re7 Qc6 24. Nh4 Qc4 25. Qf3 Rf8 26. Qe4+ Kh8 27. Nf5 b3 28. Nd6 Qc2 29. Nxf7+ Kg8 30. Nxh6+ Kh8 31. Nf7+ Kg8 32. Qe6 Nc7 33. Rxc7 Qxc7 34. Ng5+ Rf7 35. Qg6 1-0

[Event "10th Eksjo it group A"]
[Site "Eksjo SWE"]
[Date "1982.??.??"]
[Round "9"]
[White "Kirov, Nino"]
[Black "Wedberg, Tom"]
[Result "1/2-1/2"]
[WhiteElo "2440"]
[BlackElo "2460"]
[EventDate "1982.08.18"]
[PlyCount "142"]

1. Nf3 c5 2. g3 Nc6 3. Bg2 e5 4. c4 g6 5. Nc3 Bg7 6. O-O d6 7. d3 Nge7 8. Ne1 Be6 9. Nc2 d5 10. cxd5 Nxd5 11. Ne4 b6 12. Ng5 Bc8 13. Ne3 Nde7 14. a3 h6 15. Ne4 a5 16. Qa4 Qc7 17. b4 O-O 18. bxc5 b5 19. Qd1 Rb8 20. Bb2 Be6 21. Rc1 Nd4 22. Nd2 Rfc8 23. Nc2 Qd7 24. Nxd4 exd4 25. Ne4 Nd5 26. Qd2 b4 27. e3 f5 28. Nd6 dxe3 29. fxe3 Nxe3 30. Bxg7 Nxf1 31. Qxh6 Qxg7 32. Qxg7+ Kxg7 33. Nxc8 Nd2 34. axb4 axb4 35. Rd1 b3 36. Rxd2 b2 37. Rxb2 Rxb2 38. Nd6 Rd2 39. Bf1 Kf8 40. c6 Ke7 41. Nb5 Bd5 42. Nd4 Kd6 43. Be2 Bxc6 44. Kf2 Bd5 45. Ke3 Rb2 46. h4 Ke5 47. Bf3 Rb4 48. Ne2 Bxf3 49. Kxf3 Kf6 50. Nf4 Rb3 51. Nd5+ Ke5 52. Nf4 Rb6 53. Ke3 Ra6 54. Nh3 Kf6 55. Nf4 Ra1 56. Nd5+ Kg7 57. Nf4 Kh6 58. Kf3 Re1 59. Kf2 Rh1 60. Kg2 Rd1 61. Kf3 Kg7 62. Ke2 Ra1 63. Kf3 Ra3 64. Ke3 Kf6 65. Nd5+ Ke5 66. Nf4 Ra6 67. Nh3 Ra8 68. Nf4 Rg8 69. Nh3 Kf6 70. Kf3 Re8 71. Nf4 Rd8 1/2-1/2

[Event "10th Eksjo it group A"]
[Site "Eksjo SWE"]
[Date "1982.??.??"]
[Round "9"]
[White "Lengyel, Levente"]
[Black "Nun, Jiri"]
[Result "1/2-1/2"]
[WhiteElo "2420"]
[BlackElo "2350"]
[EventDate "1982.08.18"]
[PlyCount "84"]

1. Nf3 Nf6 2. g3 d5 3. Bg2 e6 4. O-O Be7 5. c4 O-O 6. b3 b6 7. Bb2 Bb7 8. e3 c5 9. Nc3 Nbd7 10. cxd5 exd5 11. d4 a6 12. Ne5 Qc7 13. Nxd7 Qxd7 14. Na4 Qb5 15. dxc5 bxc5 16. Rc1 Rac8 17. Bxf6 Bxf6 18. Bxd5 Rfd8 19. e4 Bxd5 20. exd5 Bd4 21. Qf3 Rd6 22. Nc3 Qd7 23. Ne2 Rxd5 24. Nxd4 Rxd4 25. Rfe1 h6 26. Re3 Rd2 27. Rce1 Qc6 28. a4 Qxf3 29. Rxf3 Rd7 30. Rc1 a5 31. Rf5 Rdc7 32. Rd1 g6 33. Re5 Kg7 34. Rdd5 Kf6 35. Kf1 c4 36. bxc4 Rxc4 37. Rxa5 Rxa4 38. Rf5+ Ke6 39. Rae5+ Kd6 40. Rd5+ Ke6 41. Rfe5+ Kf6 42. Re3 Rc7 1/2-1/2

[Event "10th Eksjo it group A"]
[Site "Eksjo SWE"]
[Date "1982.??.??"]
[Round "10"]
[White "Cebalo, Miso"]
[Black "Lengyel, Levente"]
[Result "1/2-1/2"]
[WhiteElo "2470"]
[BlackElo "2420"]
[EventDate "1982.08.18"]
[PlyCount "89"]

1. d4 Nf6 2. c4 e6 3. Nf3 d5 4. Nc3 Be7 5. Bg5 h6 6. Bh4 O-O 7. Rc1 dxc4 8. e3 c5 9. Bxc4 cxd4 10. exd4 Nc6 11. O-O Nh5 12. Bxe7 Nxe7 13. Re1 Nf6 14. Ne5 Qd6 15. Bb3 Bd7 16. Qf3 Bc6 17. Nxc6 Nxc6 18. Rcd1 Nxd4 19. Qe3 e5 20. Nb5 Qb6 21. Nxd4 exd4 22. Qxd4 Qxd4 23. Rxd4 Rfe8 24. Kf1 Rxe1+ 25. Kxe1 Kf8 26. Kd2 Ke7 27. h4 g5 28. Ke3 b6 29. hxg5 hxg5 30. Rc4 Rd8 31. Rc7+ Rd7 32. Rxd7+ Nxd7 33. Kd4 f6 34. Kd5 Ne5 35. Bc2 Ng4 36. Kc6 Nxf2 37. Kb7 Kd6 38. Kxa7 Kc7 39. b4 Ng4 40. a4 Ne5 41. b5 Nc4 42. g4 Nd6 43. Bb3 Nc8+ 44. Ka6 Nd6 45. Bd5 1/2-1/2

[Event "10th Eksjo it group A"]
[Site "Eksjo SWE"]
[Date "1982.??.??"]
[Round "10"]
[White "Gurevich, Dmitry"]
[Black "Ornstein, Axel"]
[Result "1/2-1/2"]
[WhiteElo "2510"]
[BlackElo "2450"]
[EventDate "1982.08.18"]
[PlyCount "53"]

1. d4 Nf6 2. c4 e6 3. Nc3 Bb4 4. e3 c5 5. Bd3 Nc6 6. Nge2 b6 7. O-O Ba6 8. dxc5 Bxc5 9. b3 Ne5 10. Bc2 d5 11. cxd5 Nxd5 12. Ne4 Qc7 13. Nxc5 bxc5 14. Bb2 Rd8 15. Qe1 Ng4 16. g3 Nb4 17. Be4 f5 18. Bf3 Nc2 19. Qc3 Nxa1 20. Rxa1 O-O 21. Nf4 Rfe8 22. Bc6 Re7 23. Qxc5 Red7 24. Bd4 Rd6 25. Rc1 Rc8 26. Nd5 exd5 27. Bxd5+ 1/2-1/2

[Event "10th Eksjo it group A"]
[Site "Eksjo SWE"]
[Date "1982.??.??"]
[Round "10"]
[White "Nun, Jiri"]
[Black "Karlsson, Lars"]
[Result "1/2-1/2"]
[WhiteElo "2350"]
[BlackElo "2505"]
[EventDate "1982.08.18"]
[PlyCount "24"]

1. e4 c5 2. Nf3 d6 3. d4 cxd4 4. Nxd4 Nf6 5. Nc3 g6 6. g3 Nc6 7. Bg2 Nxd4 8. Qxd4 Bg7 9. O-O O-O 10. Qd3 Be6 11. Nd5 Nxd5 12. exd5 Bd7 1/2-1/2

[Event "10th Eksjo it group A"]
[Site "Eksjo SWE"]
[Date "1982.??.??"]
[Round "10"]
[White "Wedberg, Tom"]
[Black "Cramling, Dan"]
[Result "1/2-1/2"]
[WhiteElo "2460"]
[BlackElo "2375"]
[EventDate "1982.08.18"]
[PlyCount "83"]

1. e4 g6 2. d4 Bg7 3. Nf3 d6 4. c3 Nf6 5. Nbd2 O-O 6. Bd3 Nbd7 7. O-O e5 8. Re1 b6 9. b3 Bb7 10. a4 Re8 11. d5 c6 12. c4 c5 13. a5 Bh6 14. Nb1 Bxc1 15. Qxc1 Rf8 16. Nc3 Ne8 17. Qh6 f6 18. Ra3 Nc7 19. Rea1 Qe7 20. Nd2 Ba6 21. Nf1 Rfb8 22. axb6 axb6 23. Ne3 Bb7 24. Be2 Rxa3 25. Rxa3 Ra8 26. Rxa8+ Nxa8 27. Bg4 Nf8 28. Qh3 Qd8 29. Be6+ Kg7 30. Qg3 Nc7 31. Bg4 Ba6 32. Be2 Qd7 33. h4 Kh8 34. h5 Qg7 35. Qh4 Kg8 36. Ng4 Kf7 37. Qh3 Ke7 38. Ne3 Kd8 39. Qh4 Qe7 40. hxg6 hxg6 41. Qh8 Ne8 42. Ng4 1/2-1/2

[Event "10th Eksjo it group A"]
[Site "Eksjo SWE"]
[Date "1982.??.??"]
[Round "11"]
[White "Kirov, Nino"]
[Black "Gurevich, Dmitry"]
[Result "1/2-1/2"]
[WhiteElo "2440"]
[BlackElo "2510"]
[EventDate "1982.08.18"]
[PlyCount "22"]

1. d4 Nf6 2. c4 e6 3. Nf3 c5 4. g3 cxd4 5. Nxd4 d5 6. Bg2 e5 7. Nf3 d4 8. O-O Nc6 9. e3 Be7 10. exd4 exd4 11. Bf4 O-O 1/2-1/2

[Event "10th Eksjo it group A"]
[Site "Eksjo SWE"]
[Date "1982.??.??"]
[Round "11"]
[White "Ornstein, Axel"]
[Black "Schussler, Harry"]
[Result "1/2-1/2"]
[WhiteElo "2450"]
[BlackElo "2495"]
[EventDate "1982.08.18"]
[PlyCount "35"]

1. c4 e6 2. Nc3 d5 3. d4 Be7 4. Bf4 Nf6 5. e3 O-O 6. Rc1 c5 7. dxc5 Bxc5 8. Nf3 Nc6 9. cxd5 exd5 10. Be2 Be6 11. O-O Be7 12. Qa4 Qb6 13. Qb5 Qxb5 14. Nxb5 Ne4 15. Rfd1 Bf6 16. Nfd4 Nxd4 17. Nxd4 Rfc8 18. Bc7 1/2-1/2

[Event "10th Eksjo it group A"]
[Site "Eksjo SWE"]
[Date "1982.??.??"]
[Round "11"]
[White "Suba, Mihai"]
[Black "Nun, Jiri"]
[Result "1-0"]
[WhiteElo "2525"]
[BlackElo "2350"]
[EventDate "1982.08.18"]
[PlyCount "69"]

1. c4 Nf6 2. Nc3 e6 3. Nf3 b6 4. e4 Bb7 5. Bd3 d6 6. Bc2 c5 7. d4 cxd4 8. Nxd4 Nbd7 9. O-O Be7 10. b3 O-O 11. Re1 a6 12. a4 Rc8 13. Ba3 Ne8 14. Qd3 g6 15. Rad1 Qc7 16. f4 Nc5 17. Qh3 Rd8 18. f5 Ng7 19. Qh6 Bf6 20. Nf3 Nxf5 21. exf5 Bxf3 22. Bb2 Bg7 23. Qxg7+ Kxg7 24. Nd5+ Kg8 25. Nxc7 Bxd1 26. Rxd1 gxf5 27. b4 Ne4 28. Nxa6 Ra8 29. b5 Rac8 30. Bd3 Rfd8 31. Bd4 Nc5 32. Bf6 Nxd3 33. Bxd8 Nb2 34. Rxd6 Nxc4 35. Rc6 1-0